| 000 | 00538cam a22002291 4500 | ||
|---|---|---|---|
| 001 | sa 67005797 | ||
| 003 | DLC | ||
| 005 | 20260227112400.0 | ||
| 008 | 940928s1966 ii 000 0 telo | ||
| 010 | _asa 67005797 | ||
| 025 | _aPL480:I-Te-1341 | ||
| 035 | _a(OCoLC)31194163 | ||
| 040 |
_aDLC _cCU _dCU _dDLC |
||
| 042 | _apremarc | ||
| 050 | 0 | 0 |
_aPL4780.9.R295 _bS8 |
| 100 | 2 |
_aRamana Rao, A. S. V., _d1943- |
|
| 245 | 1 | 0 | _aSucarita. |
| 260 | _c[1966] | ||
| 300 |
_a99 p. _c19 cm. |
||
| 500 | _aIn Telugu. | ||
| 500 | _aA novel. | ||
| 999 |
_c75460 _d75460 |
||